| 000 | 00732nam a2200217 a 4500 | ||
|---|---|---|---|
| 005 | 20210223131102.0 | ||
| 008 | 090902s2001 mx r 000 0 spa d | ||
| 020 | _a848428123X | ||
| 035 | _aUPN01000172222 | ||
| 049 | _aCG | ||
| 050 | 4 |
_aPJ1949 _bG7.3 |
|
| 100 | 1 |
_aGreen, Roger Lancelyn, _d1918-1987 _941886 |
|
| 245 | 1 | 0 |
_aCuentos del antiguo Egipto / _cRoger Lancelyn Green ; tr. Ismael Attrache ; il. Jordi Sales i Roqueta. |
| 260 |
_aBarcelona, Esp. : _bAlba, _c2001. |
||
| 300 |
_a279 p. : _bil. col. |
||
| 440 | 0 |
_aPrimeros clásicos ; _v11 |
|
| 534 |
_pTítulo original: _tTales of ancient Egypt |
||
| 650 | 4 |
_aCUENTOS EGIPCIOS _97492 |
|
| 650 | 4 |
_aLITERATURA EGIPCIA - _xTRADUCCIONES AL ESPAÑOL _97493 |
|
| 905 | _aLibro | ||
| 999 |
_c144326 _d144326 |
||